(unofficial) two letter European Geography - Statistics

General Stats
  • This quiz has been taken 16 times
  • The average score is 4 of 10
Answer Stats
Hint Answer % Correct
The short form of a political and economic union comprising 27 member states EU
100%
England, Wales, Scotland and Northern Ireland, all come together to form this country UK
100%
The longest river in Italy Po
86%
The two letter code for Switzerland CH
64%
A fortress on the smallest island in the Frioul archipelago off the coast of Marseille. It is also the setting of the famous novel, the count of Monte Cristo. Château d'If
29%
A small little town with around 13,000 inhabitants located in Czechia in a panhandle west of the country
14%
A small Austrian town of around 1,800 residents situated in the Bregenz Forest region in Vorarlberg Au
7%
A Finnish town and municipality with nearly 10 thousand residents situated on the road between Oulu and Kemi Li
7%
The Vietnamese name for Belgium (Hint - it still starts with B) Bỉ
0%
A small Swedish town of around 5,000 residents being the biggest town on Alnön Island just next to Sundsvall Vi
0%
No matching quizzes found
Score Distribution
Percent of People with Each Score
Percentile by Number Answered
Your Score History
You have not taken this quiz